| 000 | 00737nam a2200217 a 4500 | ||
|---|---|---|---|
| 001 | 44931 | ||
| 003 | BD-RjUL | ||
| 005 | 20211209053934.0 | ||
| 008 | 160721s1967 bg ||||| |||| 00| 0 ben d | ||
| 035 | _a(BD-RjUL) 45049 | ||
| 040 |
_aBD-RjUL _bben _cBD-RjUL |
||
| 041 | _aben | ||
| 082 |
_223 _aB 891.442 _bRAM 1967 |
||
| 100 |
_aরহমান, সৈয়দ আজিজুর. _9137710 |
||
| 245 |
_aমহুয়া / _c সৈয়দ আজিজুর রহমান. |
||
| 260 |
_aঢাকা : _bতাজমহল বুক ডিপো, _c১৯৬৭. |
||
| 300 |
_a১১২ পৃ. ; _c১৭ সেমি. |
||
| 650 |
_aবাংলা নাটক _9137711 |
||
| 650 |
_aBengali Drama _9137712 |
||
| 942 |
_2ddc _cBK |
||
| 999 |
_c44931 _d44931 |
||